Reglamentos municipales : Apéndice núm. 2 : 1920, 1921 y 1922 / Ayuntamiento de Madrid Apéndice núm. 2 :
Descripción Física:
474 p. ; 22 cm
Materias:
Ordenances municipals -- Madrid
MARC
| LEADER | 00000nam a2200000Ia 4500 | ||
|---|---|---|---|
| 001 | 1207 | ||
| 008 | 160829s1925 xx 000 0 cat d | ||
| 080 | |a M-3-284 | ||
| 110 | 1 | |a Madrid (Madrid). |b Ayuntamiento |9 55431 | |
| 245 | |a Reglamentos municipales : |b Apéndice núm. 2 : |b 1920, 1921 y 1922 / Ayuntamiento de Madrid | ||
| 260 | |a Madrid : |b (Imp. Municipal), |c 1925 | ||
| 300 | |a 474 p. ; |c 22 cm | ||
| 650 | |a Ordenances municipals |x Madrid |9 24999 | ||
| 901 | |a Arxiu | ||
| 942 | |n 1 | ||
| 952 | |0 0 |1 0 |4 0 |6 M3284 |7 1 |9 43407 |a Arxiu |b Arxiu |d 2016-12-01 |l 0 |o M-3-284 |p 1207 |r 2016-12-01 00:00:00 |w 2016-12-01 |y ARXIU | ||
| 999 | |c 45953 |d 45953 | ||